000 00831nam a22002531u 4500
001 06207
003 HDC
007 cr cn ---aaaaa
008 210123p2007 my ||||| |||| 00| 0 eng
040 _aHDC
245 0 _aSME Annual Report 2007. Chapter 7:
_bEnhancing Access to Financing
260 _a[No place] :
_b[publisher not identified] ,
_c2007
300 _a22 pages
336 _atext
_2rdacontent
337 _acomputer
_2rdamedia
338 _aonline resource
_2rdacarrier
500 _aIncludes bibliographical references
650 _afinance
_9103
650 _aSME sector
_96488
856 _zRequest full-text at [email protected]
942 _2lcc
942 _cEIS
942 _kAREP 000041
999 _c3531
_d3531